Catálogo

Introducción a las relaciones internacionales / (Registro nro. 46148)

Detalles MARC
000 -LEADER
fixed length control field 01220cam a2200337 i 4500
001 - CONTROL NUMBER
control field 46148
003 - CONTROL NUMBER IDENTIFIER
control field Mx-PuUPA
005 - DATE AND TIME OF LATEST TRANSACTION
control field 20250905091324.0
008 - FIXED-LENGTH DATA ELEMENTS--GENERAL INFORMATION
fixed length control field 140415s1990 sp gr 000 0 spa d
017 ## - COPYRIGHT OR LEGAL DEPOSIT NUMBER
Copyright or legal deposit number M-5.745-2002
020 ## - INTERNATIONAL STANDARD BOOK NUMBER
International Standard Book Number 8430918868
040 ## - CATALOGING SOURCE
Original cataloging agency MX-PuUPA
Language of cataloging spa
Description conventions rda
Transcribing agency Mx-PuUPA
Modifying agency Mx-PuUPA
041 0# - LANGUAGE CODE
Language code of text/sound track or separate title spa
100 1# - MAIN ENTRY--PERSONAL NAME
Personal name Arenal Celestino del,
Relator term autor
245 10 - TITLE STATEMENT
Title Introducción a las relaciones internacionales /
Statement of responsibility, etc. Celestino del Arenal
250 ## - EDITION STATEMENT
Edition statement Tercera edición /
Remainder of edition statement revisada y ampliada
264 #1 - PRODUCTION, PUBLICATION, DISTRIBUTION, MANUFACTURE, AND COPYRIGHT NOTICE
Place of production, publication, distribution, manufacture Madrid :
Name of producer, publisher, distributor, manufacturer Editorial Tecnos (Grupo Anaya),
Date of production, publication, distribution, manufacture, or copyright notice 1990
300 ## - PHYSICAL DESCRIPTION
Extent 495 páginas ;
Dimensions 23 cm
336 ## - CONTENT TYPE
Content type term texto
Fuente rdacontent
Content type code txt
337 ## - MEDIA TYPE
Media type term sin medio
Source rdamedia
Media type code n
338 ## - CARRIER TYPE
Carrier type term volumen
Source rdacarrier
Carrier type code nc
490 0# - SERIES STATEMENT
Series statement Colección Ciencias Sociales
490 0# - SERIES STATEMENT
Series statement Relaciones Internacionales
500 ## - GENERAL NOTE
General note Reimpresiones: (1a, 1993) ; (2a, 1994) ; (3a, 2000) ; (4a., 2002).
650 #7 - SUBJECT ADDED ENTRY--TOPICAL TERM
Source of heading or term armarc
Topical term or geographic name entry element Política internacional
General subdivision Teoría
650 #7 - SUBJECT ADDED ENTRY--TOPICAL TERM
Source of heading or term armarc
Topical term or geographic name entry element Relaciones internacionales
General subdivision Teoría
942 ## - ADDED ENTRY ELEMENTS (KOHA)
Koha item type Libro
Source of classification or shelving scheme Dewey Decimal Classification
Classification part 327.101
Item part A678
Existencias
Withdrawn status Lost status Source of classification or shelving scheme Damaged status Not for loan Collection code Home library Current library Shelving location Date acquired Source of acquisition Total Checkouts Full call number Barcode Date last seen Copy number Price effective from Koha item type Date last checked out
    Dewey Decimal Classification     General Biblioteca Karol Wojtyla Biblioteca Karol Wojtyla Sala general 03/12/2013 Donación   327.101 A678 1990 46965 05/01/2026 Ej.2 03/12/2013 Libro  
    Dewey Decimal Classification     General Biblioteca Karol Wojtyla Biblioteca Karol Wojtyla Sala general 03/12/2013 Compra   327.101 A678 1990 69217 05/01/2026   09/04/2018 Libro 09/02/2018